01856nam a22003017a 4500003000900000008004100009040007100050082002400121110003600145245008800181260005300269300002900322440012300351505078000474650002001254650002201274650002601296650002301322650001601345700002201361700002001383700002101403700001801424700002401442700002501466700003201491700003101523AR-CdUCM190425b ||||| |||| 00| 0 spa d aMUNICIPALIDAD PROVINCIAL DEL CUSCOcBIBLIOTECA MUNICIPAL DEL CUSCO aRev.Andi/N°21/1993 aCentro Bartolomé de Las Casas aRevista andina /cCentro de estudios rurales andinos Bartolomé de Las Casas Cusco aCusco :bCentro Bartolomé de Las Casas,c1993. a264 páginas. :c23 cm. aPublicación Semestral del Centro Bartolomé de Las Casas Cusco.nAño 11, Número 21, N°1, Primer semestre 1993. aContenido: Cusco espacios campesinos en un contexto de inestabilidad económica y retracción del Estado. Evelyne Mesclier. -- Importancia del empleo estatal en los mercados de trabajo regionales el caso del sur peruano entre 1961 y 1981. Isabel Hurtado. -- El Puma de Cuzco ¿plano de la ciudad Ynga o noción europea?. Mónica Barnes, Daniel J. Slive. -- Del Arcaico al Formativo en los Andes Centrales. Ruth Shady Solís. -- Gobierno colonial, Iglesia y poder en Perú. 1784-1814. Núria Sala i Vila. -- La guerra de razas en Bolivia la (re)invención de una tradición. Marta Irurozqui Victoriano. -- La conformación de la imagen del espacio andino geografía e historia en el Perú colonial (1530-1820). Crónica bibliográfica. Nicanor Domínguez Faura. aIglesia y poder aÉpoca formativo aEconomía política aGeografía andina aCiudad Puma aMesclier, Evelyne aHurtado, Isabel aBarnes, Mónica aSlive, Daniel aShady Solís, Ruth aSala i Vila, Núria aIrurozqui Victoriano, Marta aDomínguez Faura, Nicanor